Teoretické prístupy k štrukturálnej dekompozícii
Metódy štrukturálnej dekompozície. Dekompozícia reziduálom. Priemer celého spektra r! dekompozícií. Priemer polárnych dekompozícií. Aproximácia priemernými váhami. Montgomeryho dekompozícia.
Na minha lista:
| Autor principal: | |
|---|---|
| Outros Autores: | |
| Formato: | Capítulo de Livro |
| Idioma: | eslovaco |
| Assuntos: | |
| Tags: |
Sem tags, seja o primeiro a adicionar uma tag!
|
MARC
| LEADER | 00000nla a2200000 4500 | ||
|---|---|---|---|
| 001 | 0164413 | ||
| 005 | 20240502072852.9 | ||
| 041 | 0 | |a slo | |
| 044 | |a SK | ||
| 245 | 1 | 0 | |a Teoretické prístupy k štrukturálnej dekompozícii |c Michal Habrman, Miroslava Luchava Havettová |
| 520 | |a Metódy štrukturálnej dekompozície. Dekompozícia reziduálom. Priemer celého spektra r! dekompozícií. Priemer polárnych dekompozícií. Aproximácia priemernými váhami. Montgomeryho dekompozícia. | ||
| 610 | 2 | 0 | |a dekompozícia |
| 610 | 2 | 0 | |a input-output |
| 610 | 2 | 0 | |a analýzy |
| 610 | 2 | 0 | |a produkcia |
| 610 | 2 | 0 | |a dopyt |
| 100 | 1 | |a Habrman, Michal | |
| 700 | 1 | |a Luchava Havettová, Miroslava | |